| 000 | 00815na a2200241 4500 | ||
|---|---|---|---|
| 001 | 13481 | ||
| 003 | MIRAKIL | ||
| 005 | 20181213155027.0 | ||
| 008 | 161024b tu 000 0 | ||
| 035 | _a13481 | ||
| 040 |
_aMilas _btur _cTR-AnCHP |
||
| 041 | _atur | ||
| 082 |
_a305.42 _bT96t |
||
| 090 | _a305.42 T96t 1998 | ||
| 111 |
_aTürk Kadını'nın Günümüzde ve 2000'li Yıllarda Yeri Konferansı _d1998 |
||
| 245 |
_aTürk kadını'nın günümüzde ve 2000'li yıllarda yeri _c[düzenleyen] VakıfBank |
||
| 246 | _aTürk kadınının günümüzde ve 2000 li yıllarda yeri | ||
| 260 |
_aAnkara _bVakıfbank _c1998 |
||
| 300 |
_a48 s. _bres. _c22 sm. |
||
| 650 |
_aKadınlar _xHak ve özgürlükler _yToplantılar _zTürkiye |
||
| 710 |
_aVakıfBank _e21. Yüzyıl Bankacılığı |
||
| 942 |
_2dcc _cBKS |
||
| 999 |
_c5084 _d5084 |
||